000 00593cam a2200181 4500
001 ##L132291
008 060124n1948 000 0 eng u
035 _a(Sirsi) u132291
041 0 _aeng
050 0 4 _a333.332 $2 18
110 2 _aCommonwealth Institute of Valuers
_9409
245 0 0 _aPrinciples and practice of valuation
260 _a[S.l.]
_b[s.n.]
_c1948
300 _a331p.
_c22cm.
520 _aProvides a guide into the background, principles and different types of analysis involved in property valuation.
690 _aPROPERTY-PROPERTY VALUATION AND APPRAISAL
942 _n0
999 _c105078
_d105078